Cycle tourism on Euro Velo 6 in Slovakia

Úlohy EuroVelo podľa Európskej cyklistickej federácie. Odhadovaná ekonomická hodnota cyklo turizmu v Európe.

Salvato in:
Dettagli Bibliografici
Autore principale: Ondrášiková, Ľubica, 1961-
Natura: Capitolo di libro
Lingua:inglese
Soggetti:
Tags: Aggiungi Tag
Nessun Tag, puoi essere il primo ad aggiungerne!!

MARC

LEADER 00000naa$a2200000$$$4500
001 0208240
005 20240502083520.9
041 0 |a eng 
044 |a RO 
245 1 0 |a Cycle tourism on Euro Velo 6 in Slovakia  |c Ľubica Ondrášiková 
520 |a Úlohy EuroVelo podľa Európskej cyklistickej federácie. Odhadovaná ekonomická hodnota cyklo turizmu v Európe. 
610 2 0 |a ruch cestovný 
610 2 0 |a Európa 
610 2 0 |a hodnota pridaná ekonomická 
610 2 0 |a využitie času voľného 
100 1 |a Ondrášiková, Ľubica, 1961-